[Event "LXVIII C.to Italiano"]
[Site "Martina Franca ITA"]
[Date "2008.12.03"]
[Round "10"]
[White "Dvirnyy, Danyyil"]
[Black "Valsecchi, Alessio"]
[Result "1-0"]
[WhiteElo "2458"]
[BlackElo "2342"]
[PlyCount "75"]
[EventDate "2008.12.03"]

1. e4 c5 2. Nf3 Nc6 3. d4 cxd4 4. Nxd4 g6 5. Nc3 Bg7 6. Be3 Nf6 7. Bc4 d6 8. f3
O-O 9. Qd2 Nd7 10. h4 Nb6 11. Bb3 Na5 12. Qd3 Nxb3 13. axb3 d5 14. Nde2 Be6 15.
O-O-O dxe4 16. Qxe4 Qc7 17. Nd4 Bd7 18. Rhe1 Bf6 19. h5 Rfd8 20. hxg6 hxg6 21.
g4 Bc6 22. Nxc6 Rxd1+ 23. Rxd1 bxc6 24. Bf4 e5 25. g5 Bg7 26. Be3 Re8 27. Rh1
Nd5 28. Nxd5 cxd5 29. Qxd5 e4 30. fxe4 Rc8 31. Qd3 Rd8 32. Qc4 Qg3 33. Bd2 Qg2
34. Rd1 Qg4 35. Rf1 Qd7 36. Bc3 Bxc3 37. bxc3 Rc8 38. Rxf7 1-0

[Event "LXVIII C.to Italiano"]
[Site "Martina Franca ITA"]
[Date "2008.12.03"]
[Round "10"]
[White "Garcia Palermo, Carlos Horacio"]
[Black "Genocchio, Daniele"]
[Result "1/2-1/2"]
[WhiteElo "2459"]
[BlackElo "2452"]
[PlyCount "85"]
[EventDate "2008.12.03"]

1. Nf3 c5 2. c4 Nf6 3. Nc3 e6 4. g3 d5 5. cxd5 Nxd5 6. Bg2 Nc6 7. Nxd5 Qxd5 8.
O-O Be7 9. d3 O-O 10. Be3 Qd8 11. d4 cxd4 12. Nxd4 Nb4 13. Nb5 Qa5 14. Nc3 Rd8
15. Qb1 Qa6 16. Rd1 Bd7 17. a3 Nc6 18. b4 Qc4 19. Rc1 Qg4 20. Qe4 e5 21. Nd5
Bd6 22. Bc5 Bxc5 23. Rxc5 Qxe4 24. Bxe4 Nd4 25. Re1 Rab8 26. e3 Ne6 27. Rc3 Ng5
28. Bg2 Nh3+ 29. Bxh3 Bxh3 30. e4 Be6 31. Nc7 Bd7 32. b5 Kf8 33. f4 exf4 34.
gxf4 b6 35. Kf2 Rb7 36. Rd1 Ke7 37. Nd5+ Ke8 38. a4 Be6 39. Rcd3 Rbd7 40. Ke3
Kf8 41. Nb4 Rxd3+ 42. Rxd3 Rxd3+ 43. Kxd3 1/2-1/2

[Event "LXVIII C.to Italiano"]
[Site "Martina Franca ITA"]
[Date "2008.12.03"]
[Round "10"]
[White "Godena, Michele"]
[Black "Rombaldoni, Denis"]
[Result "1/2-1/2"]
[WhiteElo "2517"]
[BlackElo "2436"]
[PlyCount "35"]
[EventDate "2008.12.03"]

1. e4 c6 2. d4 d5 3. Nd2 dxe4 4. Nxe4 Nf6 5. Nxf6+ exf6 6. Bc4 Qe7+ 7. Qe2 Bg4
8. Qxe7+ Bxe7 9. Be2 h5 10. Bd2 Nd7 11. Nf3 O-O-O 12. h3 Be6 13. c4 g5 14. Bc3
Nf8 15. Nxg5 fxg5 16. d5 Rh6 17. dxe6 Nxe6 18. Rd1 1/2-1/2

[Event "LXVIII C.to Italiano"]
[Site "Martina Franca ITA"]
[Date "2008.12.03"]
[Round "10"]
[White "Piscopo, Pierluigi"]
[Black "Caruana, Fabiano"]
[Result "0-1"]
[WhiteElo "2380"]
[BlackElo "2640"]
[PlyCount "64"]
[EventDate "2008.12.03"]

1. e4 c5 2. Nf3 e6 3. d4 cxd4 4. Nxd4 a6 5. Nc3 d6 6. Be3 b5 7. f3 Bb7 8. Qd2
Nf6 9. O-O-O Nbd7 10. Bd3 Ne5 11. Rhe1 Rc8 12. Kb1 Be7 13. g4 Nfd7 14. g5 Nb6
15. f4 Nec4 16. Bxc4 Nxc4 17. Qd3 Qc7 18. Bc1 b4 19. Nce2 d5 20. exd5 Bxd5 21.
b3 Nd6 22. Ng3 O-O 23. f5 exf5 24. Ndxf5 Nxf5 25. Nxf5 Be6 26. Nxg7 Kxg7 27.
Bb2+ Kg8 28. g6 fxg6 29. Rxe6 Rf7 30. Re2 Rd8 31. Bd4 Bf6 32. Qe3 Re7 0-1

[Event "LXVIII C.to Italiano"]
[Site "Martina Franca ITA"]
[Date "2008.12.03"]
[Round "11"]
[White "Caruana, Fabiano"]
[Black "Godena, Michele"]
[Result "1/2-1/2"]
[WhiteElo "2640"]
[BlackElo "2517"]
[PlyCount "65"]
[EventDate "2008.12.03"]

1. e4 c5 2. Nf3 d6 3. d4 cxd4 4. Nxd4 Nf6 5. Nc3 g6 6. Be3 Bg7 7. f3 a6 8. Bc4
Nbd7 9. Qd2 b5 10. Bb3 Nc5 11. O-O-O Bd7 12. Bh6 Bxh6 13. Qxh6 e5 14. Nf5 Nxb3+
15. axb3 Bxf5 16. exf5 gxf5 17. Nd5 Nxd5 18. Rxd5 Rg8 19. Rxd6 Qg5+ 20. Qxg5
Rxg5 21. g3 Rg6 22. Rd5 Re6 23. f4 exf4 24. gxf4 Re2 25. Rxf5 Rc8 26. Re5+ Rxe5
27. fxe5 Rc5 28. Re1 Ke7 29. Kd2 Rd5+ 30. Kc3 Rc5+ 31. Kd3 Rd5+ 32. Kc3 Rc5+
33. Kd3 1/2-1/2

[Event "LXVIII C.to Italiano"]
[Site "Martina Franca ITA"]
[Date "2008.12.03"]
[Round "11"]
[White "Contin, Daniel"]
[Black "Piscopo, Pierluigi"]
[Result "1/2-1/2"]
[WhiteElo "2318"]
[BlackElo "2380"]
[PlyCount "20"]
[EventDate "2008.12.03"]

1. c4 c5 2. Nc3 Nc6 3. g3 g6 4. Bg2 Bg7 5. e3 e6 6. Nge2 Nge7 7. O-O O-O 8. d4
cxd4 9. Nxd4 Nxd4 10. exd4 d5 1/2-1/2

[Event "LXVIII C.to Italiano"]
[Site "Martina Franca ITA"]
[Date "2008.12.03"]
[Round "11"]
[White "Genocchio, Daniele"]
[Black "Dvirnyy, Danyyil"]
[Result "1/2-1/2"]
[WhiteElo "2452"]
[BlackElo "2458"]
[PlyCount "106"]
[EventDate "2008.12.03"]

1. e4 c5 2. Nf3 d6 3. d4 Nf6 4. dxc5 Nxe4 5. cxd6 Nxd6 6. Nc3 Nc6 7. Bf4 Bg4 8.
Bxd6 exd6 9. Be2 Be7 10. Nd5 O-O 11. O-O Re8 12. Re1 Bf8 13. Qd2 Rc8 14. Rad1
Re4 15. h3 Be6 16. c3 Qa5 17. Ng5 Bxd5 18. Qxd5 Qxd5 19. Rxd5 Re5 20. Rxe5 Nxe5
21. Rd1 Be7 22. Ne4 Rd8 23. Rd5 f5 24. Nd2 g6 25. Rb5 b6 26. Rd5 Nd7 27. Bc4
Kg7 28. Nb3 Nf6 29. Rd1 d5 30. Nd4 Kf7 31. Bb3 a6 32. Nc6 Rd6 33. Nb4 a5 34.
Nxd5 Nxd5 35. Bxd5+ Kf6 36. c4 Kg7 37. Kf1 Bf6 38. Rd2 Rd7 39. Ke2 Re7+ 40. Kd1
h5 41. Bf3 Rc7 42. Be2 Be7 43. a3 Kf6 44. f4 h4 45. Rd5 Bc5 46. Bf3 Rc6 47. Rd3
Re6 48. Kd2 Bd6 49. Rd4 Bc5 50. Rd3 Bd6 51. Kc2 Bxf4 52. Rd7 Rd6 53. Rxd6+ Ke5
1/2-1/2

[Event "LXVIII C.to Italiano"]
[Site "Martina Franca ITA"]
[Date "2008.12.03"]
[Round "11"]
[White "Shytaj, Luca"]
[Black "Garcia Palermo, Carlos Horacio"]
[Result "0-1"]
[WhiteElo "2472"]
[BlackElo "2459"]
[PlyCount "114"]
[EventDate "2008.12.03"]

1. e4 Nf6 2. e5 Nd5 3. d4 d6 4. c4 Nb6 5. f4 dxe5 6. fxe5 Nc6 7. Be3 Bf5 8. Nc3
e6 9. Nf3 Be7 10. Be2 O-O 11. O-O f6 12. exf6 Bxf6 13. Qd2 Qe7 14. Rfd1 Rad8
15. Rac1 Bg4 16. Ne4 Bxf3 17. Nxf6+ gxf6 18. Bxf3 Ne5 19. Be2 Ng6 20. Bh6 Rfe8
21. Qe3 c6 22. Bf3 Nc8 23. c5 Qd7 24. Bg4 Kf7 25. Qh3 Nce7 26. Be3 Rh8 27. Rf1
h5 28. Bxh5 Nf5 29. Rce1 Qd5 30. Qf3 Qxf3 31. Bxg6+ Kxg6 32. Rxf3 Kf7 33. Rd1
b5 34. Bf2 a5 35. g4 Rdg8 36. h3 Ne7 37. Kg2 a4 38. Bg3 Nd5 39. Rdf1 Rg6 40.
R1f2 Rhg8 41. Ra3 Ke7 42. b3 Ra8 43. bxa4 b4 44. Rb3 Rxa4 45. a3 bxa3 46. Ra2
f5 47. Raxa3 Rxa3 48. Rxa3 fxg4 49. h4 Kf6 50. Ra7 Kf5 51. Rh7 Ke4 52. Be5 Ne3+
53. Kf2 Nf5 54. Rc7 g3+ 55. Kg1 Nxh4 56. Rxc6 g2 57. Bh2 Nf3+ 0-1

[Event "LXVIII C.to Italiano"]
[Site "Martina Franca ITA"]
[Date "2008.12.03"]
[Round "11"]
[White "Valsecchi, Alessio"]
[Black "Brunello, Sabino"]
[Result "0-1"]
[WhiteElo "2342"]
[BlackElo "2456"]
[PlyCount "68"]
[EventDate "2008.12.03"]

1. e4 e5 2. Nf3 Nc6 3. Bb5 a6 4. Ba4 Nf6 5. O-O Be7 6. d4 exd4 7. Re1 b5 8. e5
Nxe5 9. Rxe5 d6 10. Re1 bxa4 11. Nxd4 Bd7 12. Qf3 O-O 13. Nc6 Bxc6 14. Qxc6 d5
15. Bf4 Bd6 16. Qxa4 Rb8 17. Bxd6 Qxd6 18. Qd4 Rb4 19. Qc3 Ne4 20. Qa3 Qb6 21.
Nc3 Qxf2+ 22. Kh1 Ng3+ 23. hxg3 Rb6 24. Qe7 Rh6+ 25. Qh4 Rxh4+ 26. gxh4 Qxh4+
27. Kg1 c6 28. Re2 Qb4 29. Nd1 g6 30. c3 Qb5 31. Kf2 Rd8 32. Ne3 Rd6 33. Rae1
Rf6+ 34. Kg1 Re6 0-1

[Event "XXIX Memorial Edoardo Crespi A"]
[Site "Milano ITA"]
[Date "2008.12.06"]
[Round "1"]
[White "Barberi, Alessandro"]
[Black "Drazic, Sinisa"]
[Result "0-1"]
[WhiteElo "2156"]
[BlackElo "2528"]
[PlyCount "46"]
[EventDate "2008.12.06"]

1. d4 Nf6 2. Nf3 d5 3. c4 dxc4 4. Nc3 a6 5. a4 Nc6 6. e4 Bg4 7. Be3 Na5 8. h3
Bxf3 9. Qxf3 e6 10. Be2 Bb4 11. O-O O-O 12. Rfd1 Qd7 13. Bg5 Ne8 14. d5 e5 15.
Qg3 Qd6 16. f4 Qb6+ 17. Kh1 h6 18. Bh4 exf4 19. Qxf4 g5 20. Bxg5 hxg5 21. Qxg5+
Qg6 22. Qh4 Bd6 23. Bg4 Nf6 0-1

[Event "XXIX Memorial Edoardo Crespi A"]
[Site "Milano ITA"]
[Date "2008.12.06"]
[Round "1"]
[White "Barsov, Alexei"]
[Black "Bozzali, Ermanno"]
[Result "1-0"]
[WhiteElo "2513"]
[BlackElo "2154"]
[PlyCount "57"]
[EventDate "2008.12.06"]

1. d4 Nf6 2. Nf3 e6 3. c4 Bb4+ 4. Nbd2 b6 5. g3 Bb7 6. Bg2 O-O 7. O-O a5 8. Qc2
a4 9. e4 d5 10. cxd5 exd5 11. e5 Nfd7 12. Rd1 Re8 13. Nf1 Nf8 14. Bg5 Qd7 15.
a3 Be7 16. Bxe7 Rxe7 17. Ne3 Nc6 18. Rac1 Ne6 19. Bh3 h6 20. Nf5 Ree8 21. Qd2
Kh7 22. Qd3 Kg8 23. Qe3 Kh7 24. N3h4 Rg8 25. Bf1 Rh8 26. Bd3 Kg8 27. Bb5 Ned8
28. Qf3 Ra5 29. Qg4 1-0

[Event "XXIX Memorial Edoardo Crespi A"]
[Site "Milano ITA"]
[Date "2008.12.06"]
[Round "1"]
[White "Battistella, Stefano"]
[Black "Stella, Andrea"]
[Result "0-1"]
[WhiteElo "2088"]
[BlackElo "2234"]
[PlyCount "112"]
[EventDate "2008.12.06"]

1. b3 e5 2. Bb2 Nc6 3. c4 Nf6 4. e3 d5 5. cxd5 Nxd5 6. a3 Bd6 7. Qc2 O-O 8. Nf3
Bg4 9. Be2 Qe7 10. d3 Kh8 11. Nbd2 Rae8 12. O-O f5 13. h3 Bh5 14. Nc4 e4 15.
Nd4 Nxd4 16. Bxd4 Bxe2 17. Qxe2 f4 18. Qh5 Nf6 19. Qf5 fxe3 20. fxe3 exd3 21.
Nxd6 cxd6 22. Qxd3 b6 23. Rf5 Qe4 24. Qxe4 Nxe4 25. Raf1 Kg8 26. Rxf8+ Rxf8 27.
Rxf8+ Kxf8 28. b4 g6 29. a4 Kf7 30. Kf1 Ke6 31. Ke2 Kd5 32. Kd3 h5 33. a5 bxa5
34. bxa5 a6 35. Bb6 Nf6 36. Bd4 Nd7 37. e4+ Kc6 38. Kc4 Nf8 39. g4 hxg4 40.
hxg4 Nh7 41. Kd3 Ng5 42. Ke3 Ne6 43. Kd3 Kb5 44. Bb6 Kb4 45. e5 d5 46. Bd4 Kxa5
47. Bc3+ Kb5 48. Bb2 Kb4 49. Bc3+ Kb5 50. Bb2 a5 51. Kc3 d4+ 52. Kd3 Kc5 53.
Ba3+ Kd5 54. Bd6 a4 55. Ke2 Nd8 56. Be7 Nf7 0-1

[Event "XXIX Memorial Edoardo Crespi A"]
[Site "Milano ITA"]
[Date "2008.12.06"]
[Round "1"]
[White "Bonanno, Alessandro"]
[Black "Martinez, Rolly"]
[Result "1-0"]
[WhiteElo "2125"]
[BlackElo "2424"]
[PlyCount "39"]
[EventDate "2008.12.06"]

1. e4 c5 2. Nf3 Nc6 3. d4 cxd4 4. Nxd4 Nf6 5. Nc3 d6 6. Bc4 Qb6 7. Nxc6 bxc6 8.
O-O g6 9. b3 Bg7 10. Bb2 O-O 11. Qe1 Qc7 12. Rd1 e6 13. Ba3 Rd8 14. e5 Ne8 15.
exd6 Nxd6 16. Qd2 Nb7 17. Qe3 e5 18. Ne4 Rd4 19. Rxd4 exd4 20. Nf6+ 1-0

[Event "XXIX Memorial Edoardo Crespi A"]
[Site "Milano ITA"]
[Date "2008.12.06"]
[Round "1"]
[White "Bove, Alessandro"]
[Black "Brigati, Alessandro"]
[Result "1-0"]
[WhiteElo "2246"]
[BlackElo "2090"]
[PlyCount "69"]
[EventDate "2008.12.06"]

1. e4 d6 2. d4 Nf6 3. Nc3 g6 4. Bg5 c6 5. Qd2 b5 6. Bxf6 exf6 7. d5 b4 8. Nd1
c5 9. a3 bxa3 10. Rxa3 Bg7 11. Bb5+ Bd7 12. Bxd7+ Nxd7 13. Ne2 Nb6 14. Ne3 Qd7
15. O-O O-O 16. Ng3 f5 17. exf5 Bxb2 18. Rb3 Bg7 19. Ng4 Rae8 20. h3 f6 21. Qf4
Re7 22. Rd1 Kh8 23. Ra3 h5 24. Ne3 g5 25. Qf3 h4 26. Ne4 Rfe8 27. Nd2 Re5 28.
Nb3 Rxe3 29. fxe3 Nc4 30. Rxa7 Qxa7 31. Qh5+ Kg8 32. Qxe8+ Bf8 33. Ra1 Na3 34.
Nd2 Qa6 35. Ne4 1-0

[Event "XXIX Memorial Edoardo Crespi A"]
[Site "Milano ITA"]
[Date "2008.12.06"]
[Round "1"]
[White "Burlando, Alessandro"]
[Black "Tahirovic, Adnan"]
[Result "1-0"]
[WhiteElo "2162"]
[BlackElo "1938"]
[PlyCount "63"]
[EventDate "2008.12.06"]

1. d4 Nf6 2. c4 g6 3. Nc3 Bg7 4. e4 d6 5. Be2 O-O 6. Bg5 c5 7. d5 a6 8. a4 Re8
9. Nf3 h6 10. Bf4 Nh5 11. Be3 e5 12. dxe6 Rxe6 13. O-O Nc6 14. Qd2 Kh7 15. Rad1
b6 16. e5 Nxe5 17. Nxe5 Bxe5 18. Bf3 Ra7 19. Nd5 Nf6 20. Bxh6 Nxd5 21. Bxd5 Re8
22. Bg5 f6 23. Be3 f5 24. Bg5 Bf6 25. f4 Kg7 26. Rf3 Bxg5 27. fxg5 Rae7 28. Rd3
Re2 29. Qc3+ R2e5 30. Bc6 Qe7 31. Bxe8 Qxe8 32. Rxd6 1-0

[Event "XXIX Memorial Edoardo Crespi A"]
[Site "Milano ITA"]
[Date "2008.12.06"]
[Round "1"]
[White "Calella, Sergio"]
[Black "Trent, Lawrence"]
[Result "1/2-1/2"]
[WhiteElo "2132"]
[BlackElo "2470"]
[PlyCount "58"]
[EventDate "2008.12.06"]

1. e4 e5 2. Nf3 Nc6 3. d4 exd4 4. Bc4 Nf6 5. O-O Nxe4 6. Re1 d5 7. Bxd5 Qxd5 8.
Nc3 Qa5 9. Nxe4 Be6 10. Neg5 O-O-O 11. Nxe6 fxe6 12. Rxe6 h6 13. Bd2 Qf5 14.
Qe2 Qxc2 15. Rc1 Qa4 16. Rexc6 bxc6 17. Ne5 d3 18. Qh5 Bd6 19. Qf5+ Kb7 20.
Nxc6 Rhf8 21. Nxd8+ Rxd8 22. Qf7 g5 23. g3 Kb8 24. a3 Qe4 25. Rc3 Kc8 26. Qf6
Qd5 27. Qxh6 Bf4 28. Qa6+ Kb8 29. Be3 Qb7 1/2-1/2

[Event "XXIX Memorial Edoardo Crespi A"]
[Site "Milano ITA"]
[Date "2008.12.06"]
[Round "1"]
[White "Crippa, Gabriele"]
[Black "Profumo, Alberto"]
[Result "0-1"]
[WhiteElo "2080"]
[BlackElo "2231"]
[PlyCount "116"]
[EventDate "2008.12.06"]

1. d4 Nf6 2. Nf3 g6 3. c4 Bg7 4. Nc3 d5 5. cxd5 Nxd5 6. e4 Nxc3 7. bxc3 O-O 8.
Be2 c5 9. Rb1 b6 10. Bf4 Bb7 11. Qd3 Nd7 12. Rd1 cxd4 13. cxd4 e6 14. e5 Rc8
15. h4 Qe7 16. h5 Rfd8 17. hxg6 fxg6 18. Kf1 Rf8 19. Qe3 Rf5 20. Rc1 Rff8 21.
Bh6 Rxc1+ 22. Qxc1 Rc8 23. Qe3 Bd5 24. Bxg7 Qxg7 25. Bb5 Nf8 26. Rh3 Qc7 27. a4
Qc1+ 28. Qxc1 Rxc1+ 29. Ke2 Rc2+ 30. Ke3 Kg7 31. Rg3 h6 32. Ne1 Rc3+ 33. Kd2
Rxg3 34. fxg3 g5 35. Ke3 Ng6 36. Kf2 Ne7 37. g4 Bb3 38. Nd3 Nd5 39. Bd7 Kf7 40.
Bc6 Nc3 41. Nb2 Nd1+ 42. Nxd1 Bxd1 43. Kg3 Ke7 44. Kf2 Bxg4 45. Ke3 Bd1 46. Kd2
Bb3 47. g3 h5 48. Bb5 h4 49. gxh4 gxh4 50. Ke3 a6 51. Bxa6 Bxa4 52. Kf4 Kd7 53.
Bc4 b5 54. Bd3 b4 55. Kg4 Bd1+ 56. Kxh4 b3 57. Bb5+ Ke7 58. Ba4 b2 0-1

[Event "XXIX Memorial Edoardo Crespi A"]
[Site "Milano ITA"]
[Date "2008.12.06"]
[Round "1"]
[White "Damia, Angelo"]
[Black "Mastroddi, Emiliano"]
[Result "1-0"]
[WhiteElo "2221"]
[BlackElo "2069"]
[PlyCount "97"]
[EventDate "2008.12.06"]

1. e4 c6 2. d4 d5 3. Nc3 dxe4 4. Nxe4 Nf6 5. Nxf6+ gxf6 6. Nf3 Bf5 7. Bd3 Bg6
8. Bf4 e6 9. Qd2 Bd6 10. Bg3 Qc7 11. O-O-O Nd7 12. Bxd6 Qxd6 13. Qa5 Qd5 14.
Qa3 b5 15. Rhe1 a5 16. Bxg6 hxg6 17. Kb1 b4 18. Qe3 Nb6 19. Qf4 Nd7 20. h4 a4
21. g4 Ke7 22. g5 f5 23. Ne5 Rad8 24. Rd3 Nxe5 25. dxe5 Qc5 26. Red1 Rd5 27.
Rxd5 cxd5 28. Qd4 Rc8 29. Qxc5+ Rxc5 30. Rd4 Rc4 31. Rxc4 dxc4 32. a3 bxa3 33.
bxa3 c3 34. Kc1 Kd7 35. Kd1 Kc6 36. Ke2 f4 37. Kf3 Kd5 38. Kxf4 Kd4 39. Kf3
Kxe5 40. Ke3 Kd5 41. Kd3 e5 42. Kxc3 Kc5 43. Kd3 Kd5 44. f3 Kc5 45. Ke4 Kc4 46.
Kxe5 Kc3 47. Kd5 Kb2 48. c4 Kxa3 49. c5 1-0

[Event "XXIX Memorial Edoardo Crespi A"]
[Site "Milano ITA"]
[Date "2008.12.06"]
[Round "1"]
[White "Facchetti, Gianni"]
[Black "Sulashvili, Malkhaz"]
[Result "1/2-1/2"]
[WhiteElo "2154"]
[BlackElo "2495"]
[PlyCount "50"]
[EventDate "2008.12.06"]

1. e4 c6 2. d4 d5 3. f3 Qb6 4. c3 e5 5. Qb3 dxe4 6. Qxb6 axb6 7. fxe4 Nf6 8.
Bd3 Be6 9. a3 Nbd7 10. Nf3 O-O-O 11. Bc2 Bd6 12. Be3 Ng4 13. Bg1 Rhe8 14. Nbd2
exd4 15. cxd4 Bf4 16. O-O-O f5 17. d5 Bf7 18. dxc6 bxc6 19. Kb1 fxe4 20. Nxe4
Kc7 21. h3 Ngf6 22. Nxf6 Nxf6 23. Rxd8 Rxd8 24. Bf2 Bd5 25. Rd1 25... Bd6 {...}
1/2-1/2

[Event "XXIX Memorial Edoardo Crespi A"]
[Site "Milano ITA"]
[Date "2008.12.06"]
[Round "1"]
[White "Galli, Fabio"]
[Black "Kasparova, Tatiana"]
[Result "1/2-1/2"]
[WhiteElo "2052"]
[BlackElo "2185"]
[PlyCount "89"]
[EventDate "2008.12.06"]

1. c4 c5 2. Nc3 b6 3. Nf3 Bb7 4. g3 Nf6 5. Bg2 e6 6. O-O Be7 7. b3 O-O 8. Bb2
d5 9. cxd5 Nxd5 10. Nxd5 Bxd5 11. Qc2 Nd7 12. Rac1 Bf6 13. Rfd1 Rc8 14. Bxf6
Nxf6 15. d3 h6 16. Qb2 Qe7 17. Ne5 Rfd8 18. Rd2 Bxg2 19. Kxg2 Qd6 20. Rdc2 Qd5+
21. Kg1 Qd4 22. Qxd4 Rxd4 23. Nf3 Rd5 24. b4 Nd7 25. d4 f5 26. dxc5 bxc5 27.
Ne1 Kf7 28. Nd3 e5 29. Nxc5 Nxc5 30. bxc5 Rc6 31. f3 Ke7 32. Kf2 Kd7 33. Rb1
Rc7 34. c6+ Kd6 35. Rbc1 Rb5 36. Rc4 Rb6 37. Rd1+ Ke6 38. Rd7 Rxd7 39. c7 Rxc7
40. Rxc7 Ra6 41. Rxg7 Kf6 42. Rh7 Kg6 43. Re7 Kf6 44. Rh7 Kg6 45. Re7 1/2-1/2

[Event "XXIX Memorial Edoardo Crespi A"]
[Site "Milano ITA"]
[Date "2008.12.06"]
[Round "1"]
[White "Iudicello, Giovanni"]
[Black "Murgia, Andrea"]
[Result "1-0"]
[WhiteElo "2183"]
[BlackElo "2013"]
[PlyCount "87"]
[EventDate "2008.12.06"]

1. Nf3 f5 2. g3 Nf6 3. Bg2 g6 4. d3 c6 5. O-O Bg7 6. Re1 d6 7. e4 fxe4 8. dxe4
O-O 9. c3 Na6 10. Qb3+ Kh8 11. Nbd2 Nc5 12. Qc2 Ng4 13. Nb3 Qb6 14. Nxc5 Qxc5
15. h3 Rxf3 16. Bxf3 Ne5 17. Bg2 Be6 18. Be3 Qa5 19. b3 c5 20. Rac1 c4 21. Red1
Nd3 22. Rb1 b5 23. bxc4 bxc4 24. Bd4 Bxd4 25. cxd4 Rf8 26. Rf1 Qh5 27. g4 Qh4
28. d5 Bd7 29. Qxc4 Ne5 30. Qc3 g5 31. Rb7 Bc8 32. Qg3 Qh6 33. Rxa7 Rf4 34. a4
Qf6 35. f3 Nxg4 36. hxg4 Bxg4 37. Ra8+ Kg7 38. fxg4 Qd4+ 39. Kh2 e5 40. dxe6
Qe5 41. Ra7+ Kg6 42. e7 h5 43. Rxf4 gxf4 44. gxh5+ 1-0

[Event "XXIX Memorial Edoardo Crespi A"]
[Site "Milano ITA"]
[Date "2008.12.06"]
[Round "1"]
[White "Kasparov, Sergey"]
[Black "Barlocco, Carlo"]
[Result "1-0"]
[WhiteElo "2492"]
[BlackElo "2144"]
[PlyCount "127"]
[EventDate "2008.12.06"]

1. e4 Nc6 2. Nf3 d5 3. exd5 Qxd5 4. Nc3 Qa5 5. d3 Bg4 6. Be2 Nf6 7. O-O e5 8.
Bd2 Bb4 9. a3 Bxc3 10. Bxc3 Qd5 11. Nxe5 Nxe5 12. Bxe5 Qxe5 13. Bxg4 Qxb2 14.
Re1+ Kf8 15. Bf3 Rb8 16. Qd2 Qd4 17. Rab1 b6 18. g3 h5 19. Qa5 g6 20. Qxa7 Kg7
21. Qxc7 Rhc8 22. Qe5 Qxe5 23. Rxe5 Rxc2 24. Reb5 Rd2 25. a4 Rxd3 26. Bc6 Rd6
27. Rxb6 Rxb6 28. Rxb6 Nd7 29. Rb7 Rxc6 30. Rxd7 Rc1+ 31. Kg2 Ra1 32. Rd4 g5
33. h3 f5 34. h4 g4 35. Rd7+ Kg6 36. Ra7 Ra3 37. Ra6+ Kg7 38. a5 Ra4 39. Ra7+
Kg6 40. a6 Ra1 41. Ra8 Kg7 42. f4 gxf3+ 43. Kxf3 Ra4 44. Ke3 Rg4 45. Rb8 Ra4
46. Rb6 Rg4 47. Kf3 Ra4 48. Rb7+ Kf6 49. a7 Ke5 50. Re7+ Kf6 51. Rh7 Kg6 52.
Rb7 Kf6 53. Ke3 Ke5 54. Re7+ Kf6 55. Rh7 f4+ 56. gxf4 Kg6 57. Rd7 Kf5 58. Kd3
Ra3+ 59. Kc4 Kxf4 60. Rg7 Kf5 61. Kb4 Ra1 62. Rg5+ Kf4 63. Ra5 Rb1+ 64. Kc3 1-0

[Event "XXIX Memorial Edoardo Crespi A"]
[Site "Milano ITA"]
[Date "2008.12.06"]
[Round "1"]
[White "Ljubicic, Filip"]
[Black "Pedini, Dario"]
[Result "0-1"]
[WhiteElo "2415"]
[BlackElo "2123"]
[PlyCount "132"]
[EventDate "2008.12.06"]

1. Nf3 d5 2. d4 e6 3. c4 c6 4. Nc3 f5 5. Bf4 Nf6 6. e3 Bd6 7. Ne5 O-O 8. Be2
Qe7 9. c5 Bc7 10. h4 b6 11. b4 Bb7 12. a3 Rc8 13. Na4 Nbd7 14. Rc1 b5 15. Nb2
a5 16. Nbd3 Nxe5 17. dxe5 Nd7 18. Ra1 Ra7 19. Rb1 Qf8 20. Qd2 Rca8 21. O-O axb4
22. axb4 Ra3 23. Bd1 Qb8 24. Bb3 Nxe5 25. Nxe5 Bxe5 26. Rfe1 Bc8 27. g3 Bd7 28.
f3 Be8 29. Kf2 Bf7 30. Kg2 Bc7 31. Bxc7 Qxc7 32. f4 e5 33. Re2 e4 34. Qd4 Qe7
35. Ree1 Rd8 36. Kf2 Kf8 37. Qb2 Rda8 38. Qd4 Rd8 39. Re2 Bh5 40. Ra2 Rxa2+ 41.
Bxa2 Ra8 42. Bb3 Qf6 43. Qd2 Bf3 44. Qd4 Qxd4 45. exd4 Ke7 46. Ke3 Kd7 47. Kd2
Kc7 48. Re1 Kb7 49. Ke3 h6 50. Kd2 Rg8 51. Ke3 Ra8 52. Rb1 Ra3 53. Kd2 Kb8 54.
Kc2 Ra7 55. Re1 g5 56. hxg5 hxg5 57. Kd2 g4 58. Rg1 Rh7 59. Bc2 Rh2+ 60. Kc3
Rf2 61. Bb1 Kc7 62. Bc2 Kd8 63. Bb1 Re2 64. Bc2 Re3+ 65. Kb2 Kc7 66. Kc1 Rc3
0-1

[Event "XXIX Memorial Edoardo Crespi A"]
[Site "Milano ITA"]
[Date "2008.12.06"]
[Round "1"]
[White "Luppi, Sergio"]
[Black "Valenti, Giuseppe"]
[Result "1/2-1/2"]
[WhiteElo "1974"]
[BlackElo "2162"]
[PlyCount "32"]
[EventDate "2008.12.06"]

1. Nf3 c5 2. c4 e6 3. g3 b6 4. Bg2 Bb7 5. Nc3 Nf6 6. O-O Be7 7. d4 cxd4 8. Qxd4
d6 9. Rd1 a6 10. b3 Nbd7 11. Ba3 Nc5 12. Rac1 Qc7 13. Ne1 O-O 14. e4 Rfd8 15.
Qe3 Rab8 16. Qe2 Ba8 1/2-1/2

[Event "XXIX Memorial Edoardo Crespi A"]
[Site "Milano ITA"]
[Date "2008.12.06"]
[Round "1"]
[White "Massironi, Marco"]
[Black "Agrifoglio, Fabio"]
[Result "1-0"]
[WhiteElo "2169"]
[BlackElo "1998"]
[PlyCount "57"]
[EventDate "2008.12.06"]

1. e4 d6 2. d4 g6 3. Nc3 Bg7 4. f4 c6 5. Nf3 Bg4 6. Be3 d5 7. e5 h5 8. h3 Bf5
9. Be2 e6 10. O-O Nh6 11. Ng5 b5 12. g4 hxg4 13. hxg4 b4 14. Na4 Be4 15. Nc5
Nd7 16. Ncxe4 dxe4 17. Qe1 Qb6 18. Nxe4 Bf8 19. Bf3 Qc7 20. Qh4 Nf5 21. Qxh8
Nxe3 22. Nd6+ Kd8 23. Nxf7+ Kc8 24. Nd6+ Kb8 25. Rfe1 Nd5 26. Bxd5 cxd5 27. c4
Qc6 28. Rac1 Qb6 29. Red1 1-0

[Event "XXIX Memorial Edoardo Crespi A"]
[Site "Milano ITA"]
[Date "2008.12.06"]
[Round "1"]
[White "Miatello, Alberto"]
[Black "Rettore, Ludwig"]
[Result "0-1"]
[WhiteElo "2007"]
[BlackElo "2171"]
[PlyCount "70"]
[EventDate "2008.12.06"]

1. e4 e5 2. Nf3 Nc6 3. Be2 Nf6 4. d4 exd4 5. e5 Nd5 6. c3 d6 7. cxd4 dxe5 8.
dxe5 Bb4+ 9. Bd2 O-O 10. O-O Bxd2 11. Qxd2 Bg4 12. Nc3 Nxc3 13. Qxc3 Qe7 14.
Rfe1 Rad8 15. h3 Bh5 16. g4 Bg6 17. Bb5 Nb4 18. Nd4 Rxd4 19. Qxd4 Nc2 20. Qc3
Nxa1 21. Rxa1 a6 22. Bf1 Be4 23. Re1 Bd5 24. Bc4 c6 25. Bxd5 cxd5 26. Qd4 Rd8
27. Rc1 h5 28. Kg2 hxg4 29. hxg4 Qe6 30. Kg3 Re8 31. f4 g5 32. Re1 gxf4+ 33.
Kxf4 f6 34. Re3 fxe5+ 35. Rxe5 Qf6+ 0-1

[Event "XXIX Memorial Edoardo Crespi A"]
[Site "Milano ITA"]
[Date "2008.12.06"]
[Round "1"]
[White "Movsziszian, Karen"]
[Black "Cazzaniga, Walter"]
[Result "1-0"]
[WhiteElo "2558"]
[BlackElo "2160"]
[PlyCount "47"]
[EventDate "2008.12.06"]

1. g3 c5 2. Bg2 g6 3. e4 Bg7 4. d3 Nc6 5. f4 e6 6. Nf3 Nge7 7. O-O O-O 8. c3 d5
9. e5 b6 10. Be3 a5 11. Bf2 Ba6 12. Re1 Qd7 13. Na3 Rab8 14. Nc2 d4 15. cxd4
cxd4 16. Nfxd4 Nxd4 17. Nxd4 Rfd8 18. Rc1 Bb7 19. Be4 f5 20. Bxb7 Qxb7 21. Qb3
Nd5 22. Rc6 Re8 23. Rd6 Qf7 24. Nxe6 1-0

[Event "XXIX Memorial Edoardo Crespi A"]
[Site "Milano ITA"]
[Date "2008.12.06"]
[Round "1"]
[White "Nicolo', Filippo"]
[Black "Garano, Nicola"]
[Result "1/2-1/2"]
[WhiteElo "2094"]
[BlackElo "2251"]
[PlyCount "72"]
[EventDate "2008.12.06"]

1. e4 c5 2. f4 Nc6 3. Nf3 e6 4. Bb5 Nd4 5. Nxd4 cxd4 6. c4 Qh4+ 7. g3 Qh3 8.
Qf3 b6 9. d3 Bb7 10. Nd2 f5 11. Qf1 Qh5 12. Qg2 a6 13. Ba4 fxe4 14. dxe4 b5 15.
cxb5 axb5 16. Bc2 Bc5 17. Bd3 Bb6 18. O-O Nf6 19. Nb3 O-O 20. Bd2 Rab8 21. Bb4
Rfc8 22. Rac1 Rxc1 23. Rxc1 d5 24. e5 Ne4 25. Na5 Bxa5 26. Bxa5 Ra8 27. b4 Nc3
28. Qf2 Rc8 29. Re1 Bc6 30. Qxd4 Be8 31. Bb6 Bg6 32. Bc5 Ne4 33. Be2 Qh3 34.
Bf1 Qg4 35. Be2 Qh3 36. Bf1 Qg4 1/2-1/2